000 00440nam a2200157 i 4500
001 85798
003 ES-MaACL
005 20230906175319.0
007 t|
008 041201s1961 sp ||||1| spa d
100 1 _aJunquera Mune, José.
_967313
245 1 0 _aDidáctica del cálculo /
_cJosé Junquera Mune.
260 _aBarcelona :
_bLabor,
_c1961.
300 _aXLVIII, 772 p. :
_bil. ;
_c22 cm.
852 _aES-MaACL
_jC-19025
_bR.47062
999 _c85798
_d85798